| 000 | 00570cab a22001815a 4500 | ||
|---|---|---|---|
| 001 | L145046 | ||
| 008 | 080903s2008 xxk 000 0 eng d | ||
| 035 | _a(Sirsi) u145046 | ||
| 041 | 0 | _aeng | |
| 100 | 1 | _aCarter, Simon | |
| 245 | 0 | 0 | _aProperty derivatives, solid foundations for future growth |
| 490 |
_aProperty Forecast _v11(8) August 2008, 2-3(2) |
||
| 520 | _aA look at the future of the property derivatives market in the UK. | ||
| 590 | _aKA | ||
| 651 | 4 |
_aUnited Kingdom _y |
|
| 690 | _aPROPERTY-COMMERCIAL PROPERTY-COMMERCIAL PROPERTY MARKET | ||
| 942 | _n0 | ||
| 999 |
_c80689 _d80689 |
||